000
00189nam a2200085 4500
001
1257615
005
20260217110609.0
245
_a
kuklanın gizemi
_c
almıla aydın
260
_b
altın kitaplar
999
_c
1257615
_d
1257615